Word Ladder: Weird Beard Quiz Stats

 Plays Quiz Updated Jul 18, 2015

Challenge
Share
Tweet
Embed
Score 0/28 Timer 03:00
0 Plays Today
Clue 4-Letter Word % Correct
• What a beard consists of •• HAIR •
99.4%
Fourth planet from the sunMARS
95%
An adult female horseMARE
93.8%
Of pleasing appearanceFAIR
89.9%
Group on the same side, as in a gameTEAM
89.9%
Conducts an armed conflictWARS
88.3%
A quantity of paperREAM
88.1%
• Somewhat hotter than temperate •• WARM •
87.9%
To wanderROAM
87.3%
FrothFOAM
86.8%
Inhabitant of the UKBRIT
86.7%
The shape and structure of an objectFORM
85.6%
Brand of pepper sprayMACE
85.2%
Destructive computer programWORM
84.4%
Clue 4-Letter Word % Correct
Information based on real occurrencesFACT
83.7%
____ accompli - A thing already doneFAIT
83.6%
Writer of 'The Communist Manifesto' (1848)MARX
81.6%
Cable carTRAM
81.6%
Spherical object or entityBALL
81.5%
In court people sometimes skip thisBAIL
79.3%
• The A-Team's pretty boy •• FACE •
79.2%
• To remove excess or unwanted parts •• TRIM •
79%
Full capacityBRIM
77.8%
• Lacking [first rung] •• BALD •
77%
An enticement; temptationBAIT
75.3%
Domestic cat of a tailless breed MANX
66.4%
Actress Rooney who portrayed Lisbeth SalanderMARA
60.1%
Power; authorityMANA
46%

Today's Daily Dose

You're not logged in!

Compare scores with friends on all Sporcle quizzes.
Join for Free
OR
Log In

You Might Also Like...

Show Comments

Extras

Top Quizzes Today


Score Distribution

Your Account Isn't Verified!

In order to create a playlist on Sporcle, you need to verify the email address you used during registration. Go to your Sporcle Settings to finish the process.

Report this User

Report this user for behavior that violates our Community Guidelines.

Details: